01662nam a2200421Ia 4500001001200000003000800012006001900020007001500039008004100054010001700095020001500112020001800127020001800145040002100163035002100184050002500205082001400230245013900244260004800383300002600431504005100457533015200508650003800660650004300698650004300741650005000784650003800834650004000872650003300912650003300945655002900978700002001007700002401027700002701051710001701078856012601095999001901221ebr10597593CaPaEBRm u cr cn|||||||||930817s1993 gw a sb 001 0 eng d z 93021087  z3110136430 z9783110136432 z9783110893380 aCaPaEBRcCaPaEBR a(OCoLC)81140724214aHD2741b.I582 1993eb04a658.422000aInstitutional investors and corporate governanceh[electronic resource] /cedited by Theodor Baums, Richard M. Buxbaum, Klaus J. Hopt. aBerlin ;aNew York :bW. de Gruyter,c1993. axxvii, 695 p. :bill. aIncludes bibliographical references and index. aElectronic reproduction.bPalo Alto, Calif. :cebrary,d2011.nAvailable via World Wide Web.nAccess may be limited to ebrary affiliated libraries. 0aCorporate governancevCongresses. 0aInstitutional investmentsvCongresses. 0aDirectors of corporationsvCongresses. 0aCorporationsxInvestor relationsvCongresses. 0aStockholders' votingvCongresses. 0aComparative managementvCongresses. 0aCorporation lawvCongresses. 0aComparative lawvCongresses. 7aElectronic books.2local1 aBaums, Theodor.1 aBuxbaum, Richard M.1 aHopt, Klaus J.,d1940-2 aebrary, Inc.40uhttp://site.ebrary.com/lib/rucke/Doc?id=10597593zAn electronic book accessible through the World Wide Web; click to view c109296d109296